Clarke's Isolation and Identification of Drugs /
Analytical Techniques. Analytical and Toxicological Data: Monographs. Indexes To Analytical Data. Appendix of Reagents and Proprietary Test Materials...
Сохранить в:
| Формат: | |
|---|---|
| Язык: | English |
| Опубликовано: |
USA :
London,
1986.
|
| Предметы: | |
| Метки: |
Добавить метку
Нет меток, Требуется 1-ая метка записи!
|
| Thư viện lưu trữ: | Mạng thư viện Đại học Đà Nẵng |
|---|
| LEADER | 00963cam a2200325 i 4500 | ||
|---|---|---|---|
| 001 | 000042806 | ||
| 003 | 681 | ||
| 005 | 20030930102816.0 | ||
| 008 | 010217b1986 vm 000 eng | ||
| 020 | |a 0853691665 | ||
| 022 | |a T | ||
| 040 | |a IRC |c IRC |d IRC | ||
| 041 | 0 | |a eng | |
| 082 | 1 | 4 | |a 615 |b Cl-I |
| 245 | 0 | 0 | |a Clarke's Isolation and Identification of Drugs / |c A. C. Moffat, J. V. Jackson, B. Widdop. |
| 260 | |a USA : |b London, |c 1986. | ||
| 300 | |a 1223p. ; |c 27cm. | ||
| 520 | 3 | |a Analytical Techniques. Analytical and Toxicological Data: Monographs. Indexes To Analytical Data. Appendix of Reagents and Proprietary Test Materials... | |
| 630 | 0 | 4 | |a Drugs. |
| 650 | 0 | 4 | |a Clarke's Isolation |x Identification of Drugs. |
| OWN | |a DUT | ||
| 999 | |a From the UDN01 | ||
| TYP | |a Monograph | ||
| TYP | |a Printed language | ||
| 980 | |a Mạng thư viện Đại học Đà Nẵng | ||


